El mercado de capitales en Colombia : (Registro nro. 8035)
[ vista simple ]
| 000 -LEADER | |
|---|---|
| fixed length control field | 01039nam a2200265Ia 4500 |
| 003 - CONTROL NUMBER IDENTIFIER | |
| control field | OSt |
| 005 - DATE AND TIME OF LATEST TRANSACTION | |
| control field | 20210728110118.0 |
| 008 - FIXED-LENGTH DATA ELEMENTS--GENERAL INFORMATION | |
| fixed length control field | 210310s1990 ck ad fr 000 0 spa d |
| 040 ## - CATALOGING SOURCE | |
| Original cataloging agency | CO-JMCR |
| Transcribing agency | CO-JMCR |
| 041 0# - LANGUAGE CODE | |
| Language code of text/sound track or separate title | spa |
| 082 04 - DEWEY DECIMAL CLASSIFICATION NUMBER | |
| Classification number | 332.64 / |
| Item number | O84m |
| Edition number | 23 |
| 100 1# - MAIN ENTRY--PERSONAL NAME | |
| Personal name | Ossa Betancur, Nicolás, |
| 9 (RLIN) | 16149 |
| Relator term | autor |
| 245 13 - TITLE STATEMENT | |
| Title | El mercado de capitales en Colombia : |
| Remainder of title | evolución y perspectivas / |
| Statement of responsibility, etc. | Nicolás Ossa Betancur |
| 260 ## - PUBLICATION, DISTRIBUTION, ETC. | |
| Place of publication, distribution, etc. | Bogotá : |
| Name of publisher, distributor, etc. | Bolsa de Bogotá, |
| Date of publication, distribution, etc. | 1990 |
| 300 ## - PHYSICAL DESCRIPTION | |
| Extent | 79 páginas : |
| Other physical details | ilustraciones y gráficas a blanco y negro ; |
| Dimensions | 28 cm. |
| 500 ## - GENERAL NOTE | |
| General note | Incluye notas a pie de página. |
| 504 ## - BIBLIOGRAPHY, ETC. NOTE | |
| Bibliography, etc. note | Bibliografía: página 79 |
| 505 0# - FORMATTED CONTENTS NOTE | |
| Formatted contents note | Reseña histórica -- El mercado de capitales en la actualidad -- Una mirada hacia el futuro |
| 586 ## - AWARDS NOTE | |
| Awards note | Primer Premio Nacional del Mercado de Valores |
| 650 14 - SUBJECT ADDED ENTRY--TOPICAL TERM | |
| Topical term or geographic name entry element | Mercado de capitales |
| 9 (RLIN) | 16151 |
| General subdivision | Historia |
| Geographic subdivision | Colombia |
| 650 24 - SUBJECT ADDED ENTRY--TOPICAL TERM | |
| Topical term or geographic name entry element | Finanzas |
| Geographic subdivision | Colombia |
| 9 (RLIN) | 6833 |
| 650 24 - SUBJECT ADDED ENTRY--TOPICAL TERM | |
| Topical term or geographic name entry element | Hacienda pública |
| Geographic subdivision | Colombia |
| 9 (RLIN) | 6814 |
| 650 24 - SUBJECT ADDED ENTRY--TOPICAL TERM | |
| Topical term or geographic name entry element | Inversiones de capital |
| Geographic subdivision | Colombia |
| 9 (RLIN) | 7871 |
| 942 ## - ADDED ENTRY ELEMENTS (KOHA) | |
| Source of classification or shelving scheme | Dewey Decimal Classification |
| Koha item type | Books |
| Withdrawn status | Lost status | Source of classification or shelving scheme | Damaged status | Not for loan | Collection code | Home library | Current library | Date acquired | Source of acquisition | Full call number | Barcode | Date last seen | Copy number | Koha item type |
|---|---|---|---|---|---|---|---|---|---|---|---|---|---|---|
| Dewey Decimal Classification | Non-fiction | Biblioteca Pública José María del Castillo y Rada | Biblioteca Pública José María del Castillo y Rada | 04/15/2018 | Donación | 332.64 / O84m | 430002956 | 05/16/2024 | Ej.1 | Books |